[Event "Kremenchug Grokhotov Memorial"]
[Site "Kremenchug"]
[Date "2011.01.02"]
[Round "1"]
[White "Lyapka, Ruslan"]
[Black "Engovatov, Anatoliy"]
[Result "0-1"]
[WhiteElo "2236"]
[BlackElo "2224"]
[PlyCount "74"]
[EventDate "2011.01.02"]
[EventType "tourn"]
[EventRounds "11"]
[EventCountry "UKR"]
[EventCategory "4"]
[SourceTitle "CBM 140 Extra"]
[Source "ChessBase"]
[SourceDate "2011.03.01"]
[SourceVersion "1"]
[SourceVersionDate "2011.03.01"]
[SourceQuality "1"]

1. e4 Nf6 2. e5 Nd5 3. d4 d6 4. c4 Nb6 5. f4 dxe5 6. fxe5 Nc6 7. Be3 Bf5 8. Nf3 Nb4 9. Na3 e6 10. Be2 Be7 11. 0-0 0-0 12. Qd2 a5 13. Ne1 f6 14. Bf4 fxe5 15. Bxe5 Nc6 16. Nf3 Nxe5 17. dxe5 Qxd2 18. Nxd2 Bc5+ 19. Kh1 Bd4 20. g4 Bg6 21. Nb5 Bxb2 22. Rae1 Bxe5 23. Bf3 Bf4 24. Rxe6 Bxd2 25. Nxc7 Rac8 26. Rxb6 Rxc7 27. Rxg6 Rxf3 28. Rxf3 hxg6 29. Rd3 Bf4 30. Rd4 Be3 31. Re4 Bc5 32. Re5 b6 33. h4 Re7 34. Rg5 Kh7 35. Kg2 Re2+ 36. Kf3 Rxa2 37. Ke4 Re2+ 0-1